Name Countries & Capitals of Oceania - Map - Statistics

General Stats
  • This quiz has been taken 97 times
  • The average score is 10 of 14
Answers on the Map
Answers color-coded by a green-red scale on the quiz's map according to % correct below.
 
Answer Stats
Country % Correct
Australia - Canberra
100%
New Zealand - Wellington
98%
Papua New Guinea - Port Moresby
88%
Fiji - Suva
82%
Vanuatu - Port Vila
75%
Nauru - Yaren
71%
Samoa - Apia
71%
Tuvalu - Funa Futi
71%
Palau - Ngerulmud
65%
Marshall Islands - Majuro
61%
Solomon Islands - Honiara
61%
Micronesia - Palikir
59%
Kiribati - Tarawa
57%
Tonga - Nuku Alofa
57%
No matching quizzes found
Score Distribution
Percent of People with Each Score
Percentile by Number Answered
Your Score History
You have not taken this quiz